South Eastern Kenya University

Library Online Public Access Catalogue


University physics. (Record no. 10598)

MARC details
000 -LEADER
fixed length control field 00996cam a2200289 a 4500
001 - CONTROL NUMBER
control field 3032933
003 - CONTROL NUMBER IDENTIFIER
control field OSt
005 - DATE AND TIME OF LATEST TRANSACTION
control field 20160209115730.0
008 - FIXED-LENGTH DATA ELEMENTS--GENERAL INFORMATION
fixed length control field 950404s1996 maua 001 0 eng
010 ## - LIBRARY OF CONGRESS CONTROL NUMBER
LC control number 95015917
020 ## - INTERNATIONAL STANDARD BOOK NUMBER
International Standard Book Number 0201571579
040 ## - CATALOGING SOURCE
Original cataloging agency SEKU
Transcribing agency DLC
Modifying agency DLC
050 00 - LIBRARY OF CONGRESS CALL NUMBER
Classification number QC21.2
Item number .Y67 1996b
082 00 - DEWEY DECIMAL CLASSIFICATION NUMBER
Classification number 530
Edition number 20
100 1# - MAIN ENTRY--PERSONAL NAME
Personal name Young, Hugh D.
245 10 - TITLE STATEMENT
Title University physics.
250 ## - EDITION STATEMENT
Edition statement 9th ed. /
Remainder of edition statement Hugh D. Young, Roger A. Freedman ; contributing authors, T.R. Sandin, A. Lewis Ford.
260 ## - PUBLICATION, DISTRIBUTION, ETC. (IMPRINT)
Place of publication, distribution, etc. Reading, Mass. :
Name of publisher, distributor, etc. Addison-Wesley Pub. Co.,
Date of publication, distribution, etc. c1996.
300 ## - PHYSICAL DESCRIPTION
Extent 1259p
Other physical details ill. (some col.) ;
Dimensions 25 cm.
440 #0 - SERIES STATEMENT/ADDED ENTRY--TITLE
Title Addison-Wesley series in physics
500 ## - GENERAL NOTE
General note Includes indexes.
650 #0 - SUBJECT ADDED ENTRY--TOPICAL TERM
Topical term or geographic name as entry element Physics.
700 1# - ADDED ENTRY--PERSONAL NAME
Personal name Freedman, Roger A.
906 ## - LOCAL DATA ELEMENT F, LDF (RLIN)
a 7
b cbc
c orignew
d 1
e ocip
f 19
g y-gencatlg
942 ## - ADDED ENTRY ELEMENTS (KOHA)
Source of classification or shelving scheme Library of Congress Classification
Koha item type General circulation
Holdings
Withdrawn status Lost status Source of classification or shelving scheme Damaged status Not for loan Home library Current library Shelving location Date acquired Source of acquisition Total Checkouts Full call number Barcode Date last seen Price effective from Koha item type Public note
    Library of Congress Classification     SEHSS - Library SEHSS - Library General Stacks 16/03/2016 Donation-books for Africa   [EHS] QC 21.2 .Y68 2004 2016/010393 16/03/2016 16/03/2016 General circulation A.K.
    Library of Congress Classification     Wote Campus Library Wote Campus Library General Stacks 09/02/2016 Donation -books for Africa   QC21.2 .Y67 1996b 2016/011306 09/02/2016 09/02/2016 General circulation kim
    Library of Congress Classification     Wote Campus Library Wote Campus Library General Stacks 22/02/2016 donation- books for Africa   QC21.2 .Y67 1996b 2016/011455 22/02/2016 22/02/2016 General circulation GM
Kitui, Kenya.
+254736116989
library@seku.ac.ke